Movies Quiz

Random Movies Quiz

One Word Movie Descriptions Quiz Stats

 Plays Quiz not verified by Sporcle

Challenge
Share
Tweet
Embed
Score 0/20 Timer 10:00
0 Plays Today
One Word: Movie % Correct
IcebergTitanic
96.2%
SharkJaws
92.5%
D'ohThe Simpsons Movie
89.8%
MaximusGladiator
84%
PaleontologistsJurassic Park
81.2%
TogaNational Lampoon's Animal House
80.7%
MotelPsycho
70.3%
EVEWALL-E
67.2%
HAL2001: A Space Odyssey
65.4%
ChocolatesForrest Gump
63.9%
One Word: Movie % Correct
AlderaanStar Wars Episode IV: A New Hope
63.6%
GorillasPlanet of the Apes
61.2%
ParisCasablanca
55.6%
UnobtainiumAvatar
52.8%
GreedWall Street
50.6%
PlasticsThe Graduate
46.6%
PlutoniumBack to the Future
44.3%
F.U.B.A.R.Saving Private Ryan
31.9%
MagnumZoolander
19.7%
RandyAustin Powers: International Man of Mystery
18.2%

You're not logged in!

Compare scores with friends on all Sporcle quizzes.
Join for Free
OR
Log In

You Might Also Like...

Show Comments

Extras

Created Jan 20, 2010ReportNominate
Tags:1-word, description

Top Quizzes Today


Score Distribution

Your Account Isn't Verified!

In order to create a playlist on Sporcle, you need to verify the email address you used during registration. Go to your Sporcle Settings to finish the process.

Report this User

Report this user for behavior that violates our Community Guidelines.

Details: